| 000 | 00843nam a2200217Ia 4500 | ||
|---|---|---|---|
| 001 | 933 | ||
| 005 | 20260320104557.0 | ||
| 008 | 260306t2017||||xx |||||||||||||| ||spa|| | ||
| 041 | _aESP | ||
| 082 |
_a174.4 _bF43 |
||
| 100 |
_aFerrell, O. C. _eAUT |
||
| 245 | 0 |
_aÉtica en los negocios: _bcasos y toma de decisiones |
|
| 260 | _c2017 | ||
| 300 |
_axviii, 654 páginas : _c27 cm. |
||
| 650 | _aGEN | ||
| 654 | _aCHU | ||
| 856 |
_uhttps://itmsp.museknowledge.com/UCSP?url=https://www.ebooks7-24.com:443/?il=3729&pg=1 _zVersión digital |
||
| 856 |
_uhttps://0u213tbgg-y-https-ebooks7--24-com.itmsp.museknowledge.com/biblioteca.aspx _zVéase además: Base de datos Ebook7-24 |
||
| 856 |
_uhttps://0u20ftbgh-y-https-research-ebsco-com.itmsp.museknowledge.com/c/qxo6us/search _zVéase además: Base de datos EBSCOhost |
||
| 942 |
_cLIB _dJUS _fJUS _2ddc |
||
| 999 |
_c933 _d933 |
||